01785nam a2200505 i 450000100060000000300090000600500170001500800390003201500180007102000150008903500230010403500360012703500140016303500210017703500230019803500440022104000280026504100080029304600090030108000220031008000230033224501900035526000910054530000280063633600270066433700540069133800280074538000160077338000230078938800100081250400280082265800300085064800140088065000180089465100110091265100280092365000540095164800140100570000320101970000390105185600980109094200120118899900170120095200620121743982KOSZ 00520240405063144.0031210s2003 pl a f |000 0 pol aPB 2003/22120 a8388469177 a991022060249705066 a(PL-WaBN)b15955527-48omnis_nlop ab15955527 a(OCoLC)749362367 a(PL)b0000001595552 a(EXLNZ-48OMNIS_NETWORK)9910320617005606 aWA NcWA NdKOSZ 005/HR0 apol k2003 a658.11-022.5(438) a658.11-022.5(4-67)00aZarządzanie małym i średnim przedsiębiorstwem w Polsce i w krajach Unii Europejskiej :bteoria i praktyka.nT. 1 /coprac. i red. nauk. Beata Skowron-Grabowska, Piotr Bartkowiak. aCzęstochowa :bWydaw. Wydziału Zarządzania Politechniki Częstochowskiej,c2003. a174 s. :bil. ;c24 cm. 2rdacontentaTekstbtxt 2rdamediaaBez urządzenia pośredniczącegobn 2rdacarrieraWoluminbnc aKsiążki aPublikacje naukowe a2001- aBibliogr. przy pracach. aZarządzanie i marketing a1901-2000 7aZarządzanie 7aPolska 7aKraje Unii Europejskiej 7aPrzedsiębiorstwa małe i średnie (MŚP)2DBN a1989-20001 aBartkowiak, PiotreRedakcja1 aSkowron-Grabowska, BeataeRedakcja uhttp://koha.tu.koszalin.pl/cgi-bin/koha/opac-detail.pl?biblionumber=43982yKatalog online BPK 2UKDcKS c43982d43982 00104071aBPKbBPKceho70511p02152769t658.114 PpyKS